| 000 | 00496nam a22001937a 4500 | ||
|---|---|---|---|
| 003 | OSt | ||
| 005 | 20140310182312.0 | ||
| 008 | 121116t xxu||||| |||| 00| 0 eng d | ||
| 020 | _a0734404182 | ||
| 050 |
_aPZ 7 _b.P688 2002 |
||
| 082 |
_aFIC _bP68f 2002 |
||
| 100 |
_aPittawy, Kal _920961 |
||
| 245 |
_aFalling into place / _cKal Pittaway. |
||
| 260 |
_aAustralia : _bLothian Books, _c2002. |
||
| 300 |
_a240 p. ; _c18 cm. |
||
| 648 |
_aTitle _920962 |
||
| 942 |
_2lcc _cBK-FIC |
||
| 999 |
_c11699 _d11699 |
||